Entrada Personal Name
Número de registros utilizados en: 2
001 - CONTROL NUMBER
- control field: 10379
003 - CONTROL NUMBER IDENTIFIER
- control field: DLC
005 - DATE AND TIME OF LATEST TRANSACTION
- control field: 20230907115022.0
008 - FIXED-LENGTH DATA ELEMENTS
- fixed length control field: 050707n| azannaabn |a aaa
010 ## - LIBRARY OF CONGRESS CONTROL NUMBER
- LC control number: n 2005049721
- Canceled/invalid LC control number: no2015025572
- Canceled/invalid LC control number: n 2002021083
035 ## - SYSTEM CONTROL NUMBER
- System control number: (OCoLC)oca06675515
040 ## - CATALOGING SOURCE
- Original cataloging agency: DLC
- Language of cataloging: spa
- Description conventions: rda
- Transcribing agency: Mx-PuUPA
- Modifying agency: DLC
- Modifying agency: IlMpPL
- Modifying agency: ICrlF
- Modifying agency: DLC
- Modifying agency: ICrlF
- Modifying agency: DLC
- Modifying agency: Mx-PuUPA
046 ## - SPECIAL CODED DATES
- Birth date: 1970
- Source of date scheme: edtf
100 1# - HEADING--PERSONAL NAME
- Personal name: Martín i Roig, Gabriel,
- Dates associated with a name: 1970-
370 ## - ASSOCIATED PLACE
- Place of birth: Palamós (España)
- Source of term: naf
372 ## - FIELD OF ACTIVITY
- Field of activity: Arte
- Source of term: lcsh
374 ## - OCCUPATION
- Occupation: Artista
- Occupation: Autor
- Source of term: lcsh
375 ## - GENDER
- Gender: hombre
377 ## - ASSOCIATED LANGUAGE
- Language code: eng
400 1# - SEE FROM TRACING--PERSONAL NAME
- Personal name: Roig, Gabriel Martín i,
- Dates associated with a name: 1970-
400 1# - SEE FROM TRACING--PERSONAL NAME
- Personal name: Martin Roig, Gabriel,
- Dates associated with a name: 1970-
400 1# - SEE FROM TRACING--PERSONAL NAME
- Personal name: Rig, Gabriel Martín,
- Dates associated with a name: 1970-
400 1# - SEE FROM TRACING--PERSONAL NAME
- Personal name: Martín Rig, Gabriel,
- Dates associated with a name: 1970-
400 1# - SEE FROM TRACING--PERSONAL NAME
- Personal name: Martín, Gabriel,
- Dates associated with a name: 1970-
670 ## - SOURCE DATA FOUND
- Source citation: Martín i Roig, Gabriel. L'Empordà fantàstic, 2004:
- Information found: t.p. (Gabriel Martín i Roig) flap of cover (b. 1970 in Palamós; degree in art from Univ. de Barcelona; specializes in ancient history and legends)
670 ## - SOURCE DATA FOUND
- Source citation: Martín i Roig, Gabriel. Painting with watercolor, c2006:
- Information found: t.p. verso (Gabriel Martin Roig)
670 ## - SOURCE DATA FOUND
- Source citation: Rig, Gabriel Martín. How to mix colors, 2014:
- Information found: t.p. (Gabriel Martín Rig [sic])
670 ## - SOURCE DATA FOUND
- Source citation: Author's Relief painting, 2012:
- Information found: title page verso (Gabriel Martín Roig; Gabriel Martín)
670 ## - SOURCE DATA FOUND
- Source citation: Parramón, J.M. Exotic animals, 1999:
- Information found: colophon (Gabriel Martín)
670 ## - SOURCE DATA FOUND
- Source citation: La línea y la mancha en el dibujo, 2013:
- Information found: t.p. (Gabriel Martín i Roig) flap of cover
670 ## - SOURCE DATA FOUND
- Source citation: Biblioteca del congreso (Estados Unidos), 18 diciembre 2019:
- Information found: Catálogo electrónico
- Uniform Resource Identifier: http://bit.ly/2QbRuhJ